<?xml version='1.0' encoding='UTF-8'?>
  <record xmlns="http://www.loc.gov/MARC21/slim">
    <leader>00000ctm a22000007i 4500</leader>
    <controlfield tag="001">ocn965405156</controlfield>
    <controlfield tag="003">OCoLC</controlfield>
    <controlfield tag="005">20250707150710.9</controlfield>
    <controlfield tag="008">101028q1494    ne            000 0 lat d</controlfield>
    <datafield tag="040" ind1=" " ind2=" ">
      <subfield code="a">QGJ</subfield>
      <subfield code="b">dut</subfield>
      <subfield code="c">QGJ</subfield>
      <subfield code="d">QGJ</subfield>
      <subfield code="d">OCLCL</subfield>
      <subfield code="d">OCLCQ</subfield>
    </datafield>
    <datafield tag="035" ind1=" " ind2=" ">
      <subfield code="a">(OCoLC)965405156</subfield>
    </datafield>
    <datafield tag="100" ind1="0" ind2=" ">
      <subfield code="a">Dionysius Carthusianus,</subfield>
      <subfield code="d">ca. 1402-1471.</subfield>
    </datafield>
    <datafield tag="245" ind1="1" ind2="0">
      <subfield code="a">Expositio in Josuam, lib. Judicum, Ruth, Tobiam, Judith, Ester, Esdram, Nehemiam, Machabaeorum libri II et Baruch /</subfield>
      <subfield code="c">Dionysius Carthusianus.</subfield>
      <subfield code="f">UBU Hs. 187.</subfield>
    </datafield>
    <datafield tag="260" ind1=" " ind2=" ">
      <subfield code="a">Utrecht :</subfield>
      <subfield code="b">Karthuizerklooster Nieuwlicht of Bloemendaal,</subfield>
      <subfield code="c">1494.</subfield>
    </datafield>
    <datafield tag="300" ind1=" " ind2=" ">
      <subfield code="a">205 fol. :</subfield>
      <subfield code="b">ill. ;</subfield>
      <subfield code="c">295 x 215 (210 x 153) mm.</subfield>
    </datafield>
    <datafield tag="336" ind1=" " ind2=" ">
      <subfield code="a">text</subfield>
      <subfield code="b">txt</subfield>
      <subfield code="2">rdacontent</subfield>
    </datafield>
    <datafield tag="337" ind1=" " ind2=" ">
      <subfield code="a">unmediated</subfield>
      <subfield code="b">n</subfield>
      <subfield code="2">rdamedia</subfield>
    </datafield>
    <datafield tag="338" ind1=" " ind2=" ">
      <subfield code="a">volume</subfield>
      <subfield code="b">nc</subfield>
      <subfield code="2">rdacarrier</subfield>
    </datafield>
    <datafield tag="340" ind1=" " ind2=" ">
      <subfield code="a">perkament</subfield>
      <subfield code="k">2 kol., littera hybrida.</subfield>
    </datafield>
    <datafield tag="500" ind1=" " ind2=" ">
      <subfield code="a">Van fol. 1r-27v is vermoedelijk Pieter van Enkhuizen de kopiist, (cf. Hs. 167); vanaf fol. 28r is de kopiist Wermbold van Leiden (fol. 205r: explicit feliciter per fratrem wermboldum de Leydis carthusiensem professum domus nove lucis prope traiectum Anno domini 1494. xvi kal. Januarii).</subfield>
    </datafield>
    <datafield tag="524" ind1=" " ind2=" ">
      <subfield code="a">Te citeren als: Universiteitsbibliotheek Utrecht Hs. 187.</subfield>
    </datafield>
    <datafield tag="563" ind1=" " ind2=" ">
      <subfield code="a">Contemporaine leren band over houten platten, blindgestempeld met diagonale tripellijnen in een rechthoekig kader van tripellijnen, titelplaatje, twee koperen klampsluitingen, leeshulpen, rug is vernieuwd.</subfield>
    </datafield>
    <datafield tag="500" ind1=" " ind2=" ">
      <subfield code="a">Illustrations: Penwerkinitialen met penwerkversiering vnl. in Utrechtse stijl.</subfield>
    </datafield>
    <datafield tag="581" ind1=" " ind2=" ">
      <subfield code="a">[P.A. Tiele], Catalogus codicum manu scriptorum Bibliothecae Universitatis Rheno-Trajectinae. I. Trajecti ad Rhenum / Hagae Comitis 1887. p. 61.</subfield>
    </datafield>
    <datafield tag="581" ind1=" " ind2=" ">
      <subfield code="a">[A. Hulshof], Catalogus codicum manu scriptorum Bibliothecae Universitatis Rheno-Traiectinae. II. Traiecti ad Rhenum 1909. p. 25.</subfield>
    </datafield>
    <datafield tag="581" ind1=" " ind2=" ">
      <subfield code="a">J.P. Gumbert, Manuscrits datés conservés dans les Pays-Bas. Vol. 2: Les manuscrits d'origine néerlandaise (XIVe-XVIe siècles) et Suppl. au tome premier. Leiden etc. 1988. p. 190 (sub nr. 654), 190 nr. 655, pl. 859.</subfield>
    </datafield>
    <datafield tag="581" ind1=" " ind2=" ">
      <subfield code="a">G. de Martel, Répertoire des textes latins relatifs au livre de Ruth (VIIe - Xve s.). Brugge 1990. (= Instrumenta patristica, 18). p. 57 nr. C 18.</subfield>
    </datafield>
    <datafield tag="581" ind1=" " ind2=" ">
      <subfield code="a">Dionysius Cartusiensis, Opera selecta. I: K. Emery Jr., Prolegomena: Bibliotheca manuscripta. Pts. 1A-1B. Studia bibliographica. (= Corpus Christianorum. Continuatio Mediaevalis 121-121A). p. 199.</subfield>
    </datafield>
    <datafield tag="581" ind1=" " ind2=" ">
      <subfield code="a">J.P. Gumbert, Die Utrechter Kartäuser und ihre Bücher im frühen fünfzehnten Jahrhundert. Leiden 1974. p. 286.</subfield>
    </datafield>
    <datafield tag="581" ind1=" " ind2=" ">
      <subfield code="a">A. Hulshof &amp; M.J. Schretlen, De kunst der oude boekbinders. XVde en XVIde eeuwsche boekbanden in de Utrechtsche Universiteitsbibliotheek. Utrecht 1921. p. 7.</subfield>
    </datafield>
    <datafield tag="581" ind1=" " ind2=" ">
      <subfield code="a">H.J.J. Scholtens, 'De priors van het Kartuizerklooster Nieuwlicht bij Utrecht'. In: Archief voor de geschiedenis van het Aartsbisdom Utrecht 53 (1929), p. 302-357. p. 332-335 (over Wermbold van Leiden).</subfield>
    </datafield>
    <datafield tag="581" ind1=" " ind2=" ">
      <subfield code="a">F. Stegmüller, Repertorium Biblicum medii aevi. 11 vols. Matriti 1950-1980. nr. 2080.</subfield>
    </datafield>
    <datafield tag="655" ind1=" " ind2="7">
      <subfield code="a">Handschriften (vorm)</subfield>
      <subfield code="0">(NL-LeOCL)088143309.</subfield>
      <subfield code="2">gtt</subfield>
    </datafield>
    <datafield tag="700" ind1="0" ind2=" ">
      <subfield code="a">Pieter van Enkhuizen,</subfield>
      <subfield code="d">-1517.</subfield>
    </datafield>
    <datafield tag="700" ind1="0" ind2=" ">
      <subfield code="a">Wermbold van Leiden,</subfield>
      <subfield code="d">-1517.</subfield>
    </datafield>
    <datafield tag="710" ind1="2" ind2=" ">
      <subfield code="a">Karthuizerklooster Nieuwlicht of Bloemendaal (Utrecht)</subfield>
      <subfield code="e">former owner.</subfield>
      <subfield code="4">fmo</subfield>
      <subfield code="5">NL-UtRU</subfield>
    </datafield>
    <datafield tag="758" ind1=" " ind2=" ">
      <subfield code="a">Expositio in Josuam, lib. Judicum, Ruth, Tobiam, Judith, Ester, Esdram, Nehemiam, Machabaeorum libri II et Baruch UBU Hs. 187 (Text)</subfield>
      <subfield code="1">https://id.oclc.org/worldcat/entity/E39PCYfcPDFygD6hFrBRCXFYfq</subfield>
      <subfield code="4">https://id.oclc.org/worldcat/ontology/hasWork</subfield>
    </datafield>
    <datafield tag="856" ind1="4" ind2="1">
      <subfield code="u">http://objects.library.uu.nl/reader/resolver.php?obj=002327149&amp;type=2</subfield>
      <subfield code="x">Online</subfield>
      <subfield code="z">Full Text</subfield>
    </datafield>
    <datafield tag="936" ind1=" " ind2=" ">
      <subfield code="a">BATCHLOAD</subfield>
    </datafield>
  </record>